000 00450nam a2200181Ia 4500
001 25042
003 IN-NITTTR
005 20251114233319.0
008 251113s9999||||xx |||||||||||||| ||eng||
040 _beng
040 _cIN-NITTTR
041 _aeng
082 _a720.284 J351A
100 _aJefferis, Alan
245 0 _aArchitectural drafting and design /
_cJefferis, Alan, Madsen, David A.
700 _a Madsen, David A.
942 _2ddc
_cBK
999 _c27671
_d27671